LEADER 01331nam 2200397 n 450 001 996384322203316 005 20221108045238.0 035 $a(CKB)1000000000596200 035 $a(EEBO)2248579646 035 $a(UnM)99840093 035 $a(EXLCZ)991000000000596200 100 $a19910129d1596 uy | 101 0 $alat 135 $aurbn||||a|bb| 200 10$aÆsopi Phrigis Fabulæ$b[electronic resource] $eversibus descriptæ, exque Horatio partim decerptæ, partim per Alanum expressæ, recensq?ue auctæ, atq[ue] emendatæ per Humf. Roydonnum philiatron Art. Magistrum 210 $aLondini $cExcudebat H. Iaksoni$d1596 215 $a[16] p 300 $a44 fables in verse. 300 $aThe word "philiatron" is in Greek characters. 300 $aSignatures: A. 300 $aReproduction of the original in the Henry E. Huntington Library and Art Gallery. 330 $aeebo-0113 606 $aFables, Classical 615 0$aFables, Classical. 701 $aAesop$0859552 701 $aHorace$075513 701 $aAlanus$cde Insulis,$fd. 1202.$0883780 701 $aRoydon$b Humphrey$01021725 801 0$bCu-RivES 801 1$bCu-RivES 801 2$bCStRLIN 801 2$bWaOLN 906 $aBOOK 912 $a996384322203316 996 $aÆsopi Phrigis Fabulæ$92425367 997 $aUNISA LEADER 01363nam a2200337 i 4500 001 991001482709707536 005 20020507130431.0 008 011113s1994 ||| ||| | eng 020 $a3789035114 035 $ab10226965-39ule_inst 035 $aLE02986854$9ExL 040 $aISUFI - Sett. Diritti e Politiche Euromediterranee$bita 082 0 $a341.75 100 1 $aEinhorn, Talia$0464818 245 14$aThe role of the Free Trade Agreement between Israel and the EEC :$bthe legal framework for trading with Israel between theory and practice /$cTalia Einhorn 250 $a1. Aufl. 260 $aBaden-Baden :$bNomos Verlagsgesellschaft,$cc1994 300 $a250 p. ;$c23 cm. 490 0 $aNomos Universitätsschriften. Recht ;$vBd. 160 500 $aIncludes bibliographical references (p. 225-250). 500 $aEnglish, with German summary. 500 $aAYB-1157 650 4$aIsraele - Commercio - Unione europea 650 4$aLibero commercio 650 4$aLibero commercio - Israele 907 $a.b10226965$b17-02-17$c27-06-02 912 $a991001482709707536 945 $aLE029 341.75 EIN01.01$g1$iLE029-3076$lle029$o-$pE0.00$q-$rn$so $t0$u0$v0$w0$x0$y.i10276592$z27-06-02 996 $aRole of the Free Trade Agreement between Israel and the EEC$9207169 997 $aUNISALENTO 998 $ale029$b01-01-01$cm$da $e-$feng$gxx $h4$i1